[Event "AUT Bundesliga Women 2020-21"]
[Site "Graz"]
[Date "2021.01.23"]
[Round "2.6"]
[White "Vidic, Teja"]
[Black "Hiebler, Laura"]
[Result "0-1"]
[WhiteElo "2179"]
[BlackElo "2011"]
[Annotator "TA"]
[PlyCount "100"]
[EventDate "2021.01.17"]
[EventType "team-tourn"]
[EventCountry "AUT"]
[SourceTitle "playchess.com"]
[Source "ChessBase"]
[SourceQuality "1"]

{[%evp 16,100,8,5,11,8,14,0,0,-2,1,-31,-14,-24,-32,-19,0,-19,6,-26,-19,-69,-15,-25,0,-40,-37,-41,-43,-71,-52,-109,-51,-168,-105,-205,-191,-462,-464,-450,-451,-448,-464,-514,-455,-539,-519,-548,-538,-744,-621,-606,-606,-609,-579,-571,-583,-1020,-997,-942,-682,-683,-692,-1723,-1684,-1472,-1027,-1411,-1016,-933,-629,-621,-622,-1248,-1237,-1228,-1216,-1172,-1150,-1210,-1170,-1066,-857,-29975,-29975,-29976,-29976]} 1. e4 e6 2. d4 d5 3. Nc3 Nf6 4. e5 Nfd7 5. f4 c5 6. Nf3 Nc6 7. Be3 Be7 8. Qd2 a6 9. Be2 b5 {C11: French: Classical System: 4 e5 and 4 Bg5 dxe4.} 10. O-O O-O 11. Nd1 Qb6 {The position is equal.} 12. Nf2 a5 {[#]} 13. Rad1 $146 ({Predecessor:} 13. c3 b4 14. Nd3 c4 15. Nf2 a4 16. a3 bxa3 17. bxa3 Rb8 18. Bd1 Qa5 19. Qc2 {½-½ (61) Bubir,A (2545)-Pessoa,F (2554) ICCF email 2014}) 13... Ba6 14. dxc5 Bxc5 15. Bxc5 Qxc5 16. Kh1 Nb6 17. f5 exf5 18. Qf4 Rae8 ({Not} 18... Qxc2 19. Bd3 $16) (18... Nc4 $15 19. Bxc4 bxc4) 19. Qxf5 Bc8 20. Qh5 {aiming for Ng5.} Nc4 21. Bxc4 Qxc4 22. c3 Qxa2 23. Nd3 $1 {Black must now prevent Ng5! White is now going downhill.} h6 ({Black should play} 23... Qc4 $17 24. Ng5 h6) 24. Nf4 ({White should try} 24. Nd4 $15 Nxd4 25. cxd4) 24... Qc4 (24... Qxb2 $19 25. Nxd5 Be6) 25. g3 (25. Nd2 $17 {was necessary.} Qa2 26. Nd3) 25... Bb7 26. Qf5 $2 (26. Kg1 {was called for.}) 26... d4 $19 27. Ng2 dxc3 28. bxc3 Qxc3 29. Rc1 Qb2 {Strongly threatening ...Nd4.} 30. Rb1 Qe2 {...Nd4! is the strong threat.} 31. Rfe1 Qc4 32. h4 b4 33. Kh2 Ne7 34. Nd2 Qd4 35. Qf4 Qd5 {[%csl Gb7][%cal Rd5g2]} 36. Ne4 Ng6 {[%mdl 64] [#] Double Attack} 37. Qd2 Qxd2 38. Nxd2 Nxe5 39. Rec1 Ng4+ 40. Kh3 Nf2+ 41. Kh2 Bxg2 42. Kxg2 Nd3 43. Rd1 Re2+ 44. Kf3 Rfe8 {( -> ...R8e3+)} 45. Ne4 R2xe4 46. Rxd3 a4 47. Ra1 b3 {[%cal Bb4b3,Bb3b2][%mdl 32]} 48. Rd2 Rc4 49. Ra3 Rc3+ 50. Kf2 {[#]} b2 $1 {[%mdl 512] Weighted Error Value: White=0.42/Black=0.17} 0-1

[Event "AUT Bundesliga Women 2020-21"]
[Site "Graz"]
[Date "2021.01.23"]
[Round "2.7"]
[White "Tarmastin, Laura"]
[Black "Hrescak, Ivana"]
[Result "0-1"]
[WhiteElo "1903"]
[BlackElo "2212"]
[Annotator "TA"]
[PlyCount "30"]
[EventDate "2021.01.17"]
[EventType "team-tourn"]
[EventCountry "AUT"]
[SourceTitle "playchess.com"]
[Source "ChessBase"]
[SourceQuality "1"]

{[%evp 8,8,33]} 1. c4 Nf6 2. Nc3 g6 3. Nf3 Bg7 4. g3 d6 {[#] A rather calm draw.} {Predecessor:} 5. d4 $146 O-O 6. Bg2 {E62: King's Indian: Fianchetto: 6...c6 and Panno Variation (6...Nc6) without ...a6.} c6 7. e4 Bg4 8. h3 Bxf3 9. Bxf3 e5 10. d5 c5 11. h4 h5 12. g4 hxg4 13. Bxg4 Nxg4 14. Qxg4 Nd7 15. Bg5 Qe8 {1-0 (26) Keymer,V (2591)-Ivic,V (2581) Chess.com INT 2020} 0-1

[Event "AUT Bundesliga Women 2020-21"]
[Site "Graz"]
[Date "2021.01.23"]
[Round "2.8"]
[White "Trippold, Denise"]
[Black "Krassnitzer, Julia"]
[Result "1-0"]
[WhiteElo "2152"]
[BlackElo "1803"]
[Annotator "TA"]
[PlyCount "44"]
[EventDate "2021.01.17"]
[EventType "team-tourn"]
[EventCountry "AUT"]
[SourceTitle "playchess.com"]
[Source "ChessBase"]
[SourceQuality "1"]

{[%evp 5,5,36]} 1. c4 Nf6 2. Nc3 g6 3. d4 {[#] An uneventful encounter.} {Predecessor:} Bg7 $146 4. e4 d6 5. Nf3 O-O 6. Be2 {E92: King's Indian: Classical: 6 Be2 e5: 7 dxe5, 7 Be3 and Petrosian System without 7...Nbd7.} e5 7. dxe5 dxe5 8. Qxd8 Rxd8 9. Bg5 Re8 10. Nd5 Nxd5 11. cxd5 c6 12. Bc4 cxd5 13. Bxd5 Nd7 14. Nd2 Nb6 15. Bb3 Be6 16. Bxe6 Rxe6 17. Rc1 Rc8 18. Ke2 Rec6 19. Rxc6 Rxc6 20. b3 Bf8 21. Be3 Bb4 22. a3 Bxa3 {½-½ (32) So,W (2770)-Carlsen,M (2862) chess24.com INT 2020} 1-0

[Event "AUT Bundesliga Women 2020-21"]
[Site "Graz"]
[Date "2021.01.24"]
[Round "3.1"]
[White "Unuk, Laura"]
[Black "Papp, Sarah"]
[Result "1-0"]
[WhiteElo "2373"]
[BlackElo "2313"]
[Annotator "TA"]
[PlyCount "47"]
[EventDate "2021.01.17"]
[EventType "team-tourn"]
[EventCountry "AUT"]
[SourceTitle "playchess.com"]
[Source "ChessBase"]
[SourceQuality "1"]

{[%evp 9,46,4,4,0,0,0,8,6,17,3,38,-29,0,8,0,4,0,-4,84,80,79,74,70,38,1233,800,1204,770,1240,722,1283,1247,1258,1250,1233,1220,29998,29999,29999]} 1. d4 Nf6 2. c4 e6 3. Nf3 d5 4. Nc3 Nbd7 5. e3 a6 6. Qc2 {D37: Queen's Gambit Declined: 5 Bf4.} dxc4 7. a4 {[#]} Bd6 $146 ({Predecessor:} 7... c5 8. Bxc4 Qc7 9. Qe2 Bd6 10. O-O O-O 11. h3 Rd8 12. Rd1 b6 13. d5 Ne5 14. Nxe5 Bxe5 {½-½ (32) Glukhovtsev,S (2407)-Babychuk,V (2209) ICCF email 2015}) 8. Bxc4 {The position is equal.} O-O 9. e4 {e5 is the strong threat.} e5 $1 10. Bg5 (10. d5 $14) 10... h6 11. dxe5 Nxe5 12. Nxe5 hxg5 13. O-O-O Bd7 (13... Nd7 $1 $11 14. Nxd7 Bxd7) 14. Ng6 $16 {And now e5 would win.} Re8 15. h4 g4 {next ...b5! is good for Black.} 16. Qb3 $36 {[%mdl 2048] White is pushing.} Nxe4 $2 {[%mdl 8192] This costs Black the game.} (16... Be6 $14 17. e5 {[%mdl 64] Double Attack} Qd7) 17. Bxf7+ $18 {[%mdl 64] [#] Double Attack} Kh7 18. Nxe4 Rxe4 19. Qd5 {[%cal Rd5h5]} Kh6 20. Qxe4 {White wants to mate with Ne7!} Qf6 21. Qe3+ Kh7 {[#]} 22. Qg5 $1 {[%cal Rg5h5]} Qxf7 (22... Bf4+ 23. Qxf4) 23. Qh5+ Kg8 24. Qh8# {Weighted Error Value: White=0.22/Black=0.51} 1-0

[Event "AUT Bundesliga Women 2020-21"]
[Site "Graz"]
[Date "2021.01.24"]
[Round "3.2"]
[White "Worek, Joanna"]
[Black "Heinemann, Josefine"]
[Result "1-0"]
[WhiteElo "2304"]
[BlackElo "2302"]
[Annotator "TA"]
[PlyCount "163"]
[EventDate "2021.01.17"]
[EventType "team-tourn"]
[EventCountry "AUT"]
[SourceTitle "playchess.com"]
[Source "ChessBase"]
[SourceQuality "1"]

{[%evp 21,163,4,19,0,46,0,7,0,0,-19,18,0,1,1,8,-10,-24,-24,0,-14,21,-34,-43,-95,-81,-121,-118,-123,-113,-167,-179,-156,-166,-213,-198,-200,-35,-38,-39,-43,-19,-18,-13,-18,-18,-53,-14,-46,-28,-66,-32,-26,0,0,0,0,0,-11,0,-8,-8,-15,14,15,97,96,195,195,189,184,156,169,163,158,1295,1396,1387,1350,1275,1193,1072,199,177,15,629,584,592,579,322,8,8,8,8,8,8,8,8,8,8,8,8,8,8,8,1715,1629,1151,1003,8747,9372,12193,1643,6504,0,0,0,0,0,6637,0,6633,2635,9162,6436,6621,5472,4080,3763,2070,588,29971,29972,29974,29975,29975,29972,29982,29983,29983,29984,29984,29982,29981,29980]} 1. e4 c5 2. Nf3 d6 3. d4 cxd4 4. Nxd4 Nf6 5. Nc3 a6 6. Be3 e5 7. Nb3 Be6 8. Qd2 Be7 9. f3 h5 10. O-O-O Nbd7 11. Kb1 Rc8 12. h3 {B90: Sicilian Najdorf: Unusual White 6th moves, 6 Be3 Ng4 and 6 Be3 e5.} h4 {has lost popularity (12...b5).} 13. Qe1 b5 14. f4 {The position is equal.} Qc7 15. Bd3 {[#]} Nb6 $146 ({Predecessor:} 15... Bc4 16. Qe2 Nh5 17. Qf3 exf4 18. Bxf4 Nxf4 19. Qxf4 Ne5 20. Nd4 Be6 21. Nd5 Bxd5 22. exd5 {0-1 (98) Frolov,A (2458)-Areshchenko,A (2674) Lvov 2016}) 16. f5 Bc4 17. Bxb6 Qxb6 18. g4 hxg3 19. Qxg3 Rh7 20. Nd2 a5 21. b3 {[#]} ({Better is} 21. Bxc4 $11 bxc4 22. Qf3) 21... Kf8 $1 $15 22. Na4 (22. Rc1 Bd8) 22... bxa4 $17 23. Bxc4 {[#]} Nxe4 $1 {[%mdl 576] Deflection} 24. Nxe4 Rxc4 25. Nc3 (25. Nxd6 $17 {was called for.} Bxd6 26. Rxd6 Qxd6 27. bxc4) 25... axb3 $19 26. cxb3 Qb7 27. f6 Bxf6 28. Qd3 Rhh4 (28... Rc6 $1 $19 {aiming for ...Rh4.} 29. Qxh7 Rxc3) 29. Qxd6+ $15 Be7 30. Qxe5 {[#]} Qc7 $1 31. Qxc7 Rxc7 32. Nd5 Rd7 33. a4 f6 34. Kc2 Kf7 35. Rd3 g5 36. Rf1 Rb7 37. Rdf3 {[%cal Rd5f6]} Rh6 38. Ne3 Rh8 39. Nc4 Rc7 40. Kb2 Rc5 41. Re1 {Hoping for Ne5+.} f5 42. Ne5+ Kg7 (42... Ke8 $1 $11 {keeps the balance.}) 43. Rxf5 $16 {Rf7+ is the strong threat.} Bf6 {[#]} (43... Re8 $16 {keeps fighting.}) 44. Rxf6 $1 $18 {[%mdl 512] White wants to mate with Nd7.} Rxe5 45. Rxe5 Kxf6 46. Rxa5 Rxh3 {[%mdl 4096] Endgame KR-KR} 47. Ra8 Ke6 $2 (47... Kf7 $16) 48. a5 Kd6 49. Rg8 Kc5 50. Ka3 Rg3 51. Rb8 $2 (51. Rf8 Rd3 52. Rb8) 51... Rg1 52. Kb2 $2 ({White has to play} 52. b4+ $18 Kc4 53. Rc8+ Kb5 54. Rc5+ Ka6 55. Kb3) 52... Rg2+ $2 {[%mdl 8192]} (52... g4 $11) 53. Kc3 Rg3+ 54. Kd2 Kd4 55. Rd8+ $2 (55. Rb4+ $18 Kc5 56. Rb8) 55... Kc5 $11 56. Rd3 Rg1 57. Kc3 {And now b4+ would win.} Rc1+ 58. Kb2 Rf1 59. Rd8 Kb4 60. a6 Rf2+ 61. Kb1 Rf1+ 62. Kc2 Ra1 $2 {[%mdl 8192]} (62... Rf2+ $11 63. Kd3 Rf7) 63. Rb8+ $18 Kc5 64. b4+ Kc4 65. b5 Kc5 66. Kb2 (66. Kd2 $142 g4 67. Ke3) 66... Ra5 67. Kc3 $2 (67. Kc1 $1 $18 {[%cal Rc1d2]} Kd5 68. Kd2) 67... Ra2 $1 $11 68. Kb3 Ra1 69. Kb2 $2 {[%mdl 8192]} (69. Rb7 $11) 69... Ra5 $1 $18 70. Kc2 $2 (70. Kc1 $1 $18 {[%cal Rc1d2]} Kd5 71. Kd2) 70... Ra2+ $2 {[%mdl 8192]} (70... Ra1 $11) 71. Kd1 $1 g4 {[#]} 72. Ke1 $1 Kd4 73. Rc8 Ke3 74. Kf1 Kf3 75. Rc3+ (75. Rf8+ $142 Ke4 76. b6 Rxa6 77. b7 Ra1+ 78. Kg2) 75... Kf4 {intending ...g3.} 76. Rb3 {White mates.} g3 {[#]} 77. b6 $1 Ra1+ 78. Ke2 g2 79. b7 Re1+ 80. Kd2 Re8 81. Rb1 Rb8 82. Kd3 {What a fight!  Weighted Error Value: White=0.50/Black=0.33} 1-0

[Event "AUT Bundesliga Women 2020-21"]
[Site "Graz"]
[Date "2021.01.24"]
[Round "3.3"]
[White "Vidic, Teja"]
[Black "Teuschler, Barbara"]
[Result "1-0"]
[WhiteElo "2179"]
[BlackElo "2108"]
[Annotator "TA"]
[PlyCount "105"]
[EventDate "2021.01.17"]
[EventType "team-tourn"]
[EventCountry "AUT"]
[SourceTitle "playchess.com"]
[Source "ChessBase"]
[SourceQuality "1"]

{[%evp 23,105,19,39,40,51,25,44,47,47,45,51,46,70,42,130,38,128,38,52,14,24,24,26,0,43,39,42,6,0,-29,31,14,28,0,100,112,104,76,100,104,79,75,86,76,67,49,147,26,40,8,33,43,34,18,7,8,8,0,0,0,29,40,24,8,9,14,36,8,8,8,8,8,972,920,1405,1319,2176,2355,29985,29986,29987,29988,29990,29991]} 1. e4 e5 2. Nf3 Nc6 3. Bb5 a6 4. Ba4 Nf6 5. O-O Be7 6. Re1 b5 7. Bb3 d6 8. c3 O-O 9. h3 Na5 10. Bc2 c5 11. d4 Qc7 12. d5 Bd7 13. b3 {C97: Closed Ruy Lopez: Chigorin Defence: 11 d4 Qc7, sidelines.} Rfc8 {13...g6 is setting a new trend.} 14. Nbd2 Nb7 15. c4 {White is slightly better.} g6 16. Nf1 Nh5 17. Be3 {[#]} Ng7 $146 ({Predecessor:} 17... bxc4 18. bxc4 Na5 19. Qd3 Nf4 20. Bxf4 exf4 21. e5 dxe5 22. Nxe5 Bf6 23. d6 Qd8 24. Nxd7 Qxd7 {1-0 (67) Sciurti,D-Matushkina,L (2205) GER email 2015}) 18. N3h2 Nd8 (18... f5 $14) 19. f4 ({White should play} 19. Ng4 $16) 19... f6 {[#]} ({Black should try} 19... exf4 $14 20. Bxf4 Bf6) 20. Nf3 (20. f5 $1 $16) 20... Nf7 21. Qd2 (21. f5 $5) 21... exf4 22. Bxf4 Ne5 23. Nxe5 dxe5 (23... fxe5 {is interesting.} 24. Bh6 Nh5 25. Ne3 Ng3 26. Nf1 Nh5) 24. Bh6 Ne8 25. Ne3 Nd6 26. Rad1 Ra7 ({Better is} 26... Nf7 $11 27. d6 Qxd6 28. Qxd6 Bxd6) 27. Rf1 $14 Qd8 28. h4 Bf8 (28... Rb8 $11 {remains equal.}) 29. Bxf8 $16 Qxf8 30. Rf3 Qe7 31. Rdf1 Rf8 32. Qf2 {[%cal Rf3f6]} Kg7 33. g4 {Hoping for g5!} Raa8 34. h5 g5 (34... bxc4 $14 35. bxc4 Rf7) 35. h6+ (35. b4 $16 Nxc4 36. bxc5 Nxe3 37. Qxe3) 35... Kxh6 $11 36. Rxf6+ (36. cxb5 {is more complex.} axb5 37. Rxf6+ Kg7 38. Rxf8 Rxf8 39. Nf5+) 36... Kg7 37. Rxf8 Rxf8 38. Qxf8+ Qxf8 39. Rxf8 Kxf8 40. cxb5 axb5 $14 {[%mdl 4096] Endgame KBN-KBN} 41. a4 bxa4 42. bxa4 Ke8 43. Kf2 Kd8 $1 44. Ke2 Be8 45. Kd3 (45. Nf5 $5 {[%cal Rf5d6]} Nb7 46. Nh6 $14) 45... h5 $1 46. gxh5 Bxh5 47. Nf5 Nxf5 {[%mdl 8192] Black cannot hold the game after this.} (47... Nb7 $11) 48. exf5 $11 {KB-KB} Kc7 49. a5 Bf3 {[#]} 50. Bb3 $1 Bg2 51. f6 {White mates.} c4+ 52. Bxc4 Bf1+ 53. Ke4 {[%mdl 64] Discovered Attack.  Weighted Error Value: White=0.24/Black=0.41} 1-0

[Event "AUT Bundesliga Women 2020-21"]
[Site "Graz"]
[Date "2021.01.24"]
[Round "3.4"]
[White "Boric, Elena"]
[Black "Hrescak, Ivana"]
[Result "1/2-1/2"]
[WhiteElo "2179"]
[BlackElo "2212"]
[Annotator "TA"]
[PlyCount "81"]
[EventDate "2021.01.17"]
[EventType "team-tourn"]
[EventCountry "AUT"]
[SourceTitle "playchess.com"]
[Source "ChessBase"]
[SourceQuality "1"]

{[%evp 19,81,0,0,0,2,0,0,0,14,12,12,12,39,28,77,63,65,39,105,54,56,41,54,39,54,30,50,47,42,43,54,0,10,5,3,0,13,0,0,0,0,0,0,0,10,12,18,8,8,0,0,0,863,916,915,770,693,626,304,0,0,0,0,0]} 1. e4 c5 2. Nf3 d6 3. Bb5+ Bd7 4. Bxd7+ Qxd7 5. d4 cxd4 6. Nxd4 Nf6 7. Nc3 g6 8. O-O Bg7 9. f3 O-O 10. Be3 Nc6 11. Qd2 {B52: Sicilian: Moscow Variation with 3...Bd7.} Rac8 12. Nxc6 bxc6 {[#]} 13. Rad1 $146 ({Predecessor:} 13. Qf2 Qb7 14. Rab1 Nd7 15. Rfd1 Ne5 16. Qe2 Rfd8 17. f4 Nd7 18. g4 Nb6 19. Bf2 {0-1 (41) Formento,P (1976)-Poli,G (1921) Recco 2010}) 13... Qb7 14. b3 Rfe8 15. Na4 Qb8 16. c4 Red8 17. Qf2 Rd7 18. e5 Ne8 (18... dxe5 $14 19. Rxd7 Nxd7) 19. Nc5 Rdd8 $14 20. exd6 exd6 21. Ne4 Rd7 22. Bd4 Rcd8 23. Bxg7 Kxg7 24. Qd4+ Kg8 25. Rd2 d5 26. cxd5 Rxd5 27. Qf2 Qb6 {[#] Hoping for ...Rxd2.} 28. Qxb6 (28. Rxd5 {keeps more tension.} cxd5 29. Qxb6 axb6 30. Nf2 Ra8 31. Ra1) 28... axb6 29. Rfd1 Rxd2 30. Rxd2 Rxd2 31. Nxd2 $11 {[%mdl 4096] Endgame KN-KN} Nd6 32. Kf2 f5 33. Ke3 Kf7 34. Kd4 Ke6 35. Nc4 Nxc4 {[%mdl 8192] [#]} (35... c5+ $11 36. Kd3 b5 37. Nxd6 Kxd6) 36. Kxc4 {KP-KP} Kd6 37. a4 Kc7 38. b4 Kb7 39. a5 $2 (39. f4 $18) 39... Ka6 40. axb6 Kxb6 41. f4 {Weighted Error Value: White=0.20/Black=0.14} 1/2-1/2

[Event "AUT Bundesliga Women 2020-21"]
[Site "Graz"]
[Date "2021.01.24"]
[Round "3.5"]
[White "Urh, Zala"]
[Black "Ragger, Anna-Christina"]
[Result "1/2-1/2"]
[WhiteElo "2159"]
[BlackElo "2204"]
[Annotator "TA"]
[PlyCount "140"]
[EventDate "2021.01.17"]
[EventType "team-tourn"]
[EventCountry "AUT"]
[SourceTitle "playchess.com"]
[Source "ChessBase"]
[SourceQuality "1"]

{[%evp 9,140,16,28,18,23,27,23,0,8,0,-6,0,16,15,26,10,0,7,23,-8,0,0,12,0,0,0,0,0,22,-10,-10,-21,0,-23,6,-26,-32,-22,-22,-54,-39,-53,-32,-39,0,0,83,83,109,106,443,422,797,787,1400,280,306,299,266,8,35,0,0,0,0,0,0,-8,-8,-8,-8,-8,-3,-8,-8,-8,-8,-8,-8,-8,-8,-8,-8,-32,-33,-55,-16,-44,-44,-44,-47,-45,0,0,0,0,0,0,0,-33,0,0,0,0,0,0,0,0,0,0,0,0,0,0,0,0,0,0,0,0,0,0,0,0,0,0,0,0,0,0,0,0,0]} 1. d4 d5 2. c4 c6 3. Nf3 Nf6 4. e3 Bf5 5. Nc3 a6 6. Be2 {D15: Slav Defence: 4 Nc3 a6 and gambit lines after 4 Nc3 dxc4.} h6 7. O-O e6 8. b3 {White has an edge.} Bd6 9. Bb2 Nbd7 10. Bd3 Ne4 11. Qc2 {[%cal Rc3e4] [#]} Nxc3 $146 ({Predecessor:} 11... Ndf6 12. h3 b5 13. Ne5 Qc7 14. f3 Ng3 15. Rfe1 O-O 16. e4 dxe4 17. fxe4 Bh7 {1-0 (36) Shimanov,A (2593)-Rosen,E (2353) chess.com INT 2020}) 12. Bxc3 Bxd3 13. Qxd3 f5 14. b4 O-O 15. a4 Qe7 16. Rfb1 dxc4 17. Qxc4 b5 18. Qb3 ({Don't go for} 18. Qxc6 $2 Rfc8 $19) 18... Nb6 19. axb5 (19. a5 $5 {[%cal Ra5b6]} Nd5 20. Ra2 $11) 19... axb5 20. Ne1 Kh7 21. Nd3 Nc4 22. Ra2 Rxa2 23. Qxa2 Qh4 24. g3 Qe4 25. Rd1 Qf3 26. Re1 f4 27. Nxf4 Bxf4 (27... Rxf4 $11 {remains equal.} 28. gxf4 Qg4+ 29. Kh1 Qf3+ 30. Kg1 Qg4+ 31. Kh1 Qf3+ 32. Kg1) 28. Qc2+ $16 (28. gxf4 $2 Rf6 $19) 28... Kh8 29. exf4 {[%mdl 64] Discovered Attack} Ra8 $2 {[%mdl 8192]} (29... Qd5 $16) 30. Rxe6 $18 Kg8 (30... Qd5 $142) 31. d5 Ra3 {[#]} 32. Bxg7 $2 Rd3 {[#] Threatens to win with ...Rd1+.} 33. Bc3 $1 {[%mdl 512]} cxd5 {[#] White should prevent ...Kf7.} 34. Be1 $2 (34. Qa2 $1 $18 {White wants to mate with Qa8+.} Na3 35. Be1) 34... Kf7 $11 35. Qe2 (35. Rxh6 {is interesting.} Qd1 36. Qxd1 Rxd1 37. Kf1 d4 38. Ke2) 35... Qxe2 36. Rxe2 {[%mdl 4096] Endgame KRB-KRN} Rd1 37. Kg2 d4 38. Re4 d3 39. Bc3 {White wants to play Rd4.} Rc1 40. Be1 Rb1 (40... h5 {feels hotter.} 41. h3 Rb1 42. Bc3 Rb3 43. Be1 Rb2) 41. g4 d2 42. Bxd2 Nxd2 {KRN-KR} 43. Rd4 Nc4 44. Rd7+ Kf6 45. h4 Rxb4 46. h5 (46. Rh7 {seems wilder.} Kg6 47. Re7 Ra4 48. f5+ Kf6 49. Re6+) 46... Ra4 47. g5+ Ke6 48. Rh7 hxg5 49. fxg5 Nd6 {White must now prevent ...Rg4+.} 50. g6 Rg4+ (50... Ra8 $5 {[%cal Rb5b4]} 51. Rc7 Kf6 $11) 51. Kf3 Rg5 52. Kf4 Rg2 53. Kf3 Rg1 54. g7 Nf5 (54... Nf7 $5 {[%cal Rf7g5]} 55. Ke2 b4 $11) 55. h6 {The position is equal.} Kd5 56. Rh8 Nxh6 $1 {[%mdl 64] Remove Defender} 57. Rxh6 Rxg7 {KR-KR} 58. Rb6 Kc4 (58... Kc5 {with more complications.} 59. Rb8 Kc4 60. Ke4 Re7+ 61. Kf4 b4) 59. Ke4 Re7+ 60. Kf4 Rf7+ 61. Kg3 Rf8 62. f4 Kc5 63. Rb7 Kc6 64. Re7 b4 65. Kg4 b3 66. Re1 Kd5 67. f5 Kd4 68. Kg5 b2 69. f6 Kd3 70. Kg6 Kc2 {Black escapes into a draw.  Weighted Error Value: White=0.34/Black=0.22} 1/2-1/2

[Event "AUT Bundesliga Women 2020-21"]
[Site "Graz"]
[Date "2021.01.24"]
[Round "3.6"]
[White "Hiebler, Laura"]
[Black "Hercog, Nusa"]
[Result "1/2-1/2"]
[WhiteElo "2011"]
[BlackElo "2097"]
[Annotator "TA"]
[PlyCount "63"]
[EventDate "2021.01.17"]
[EventType "team-tourn"]
[EventCountry "AUT"]
[SourceTitle "playchess.com"]
[Source "ChessBase"]
[SourceQuality "1"]

{[%evp 9,63,-16,24,-2,8,-35,15,-2,33,-13,39,-6,-14,-13,13,13,24,14,7,0,20,17,37,40,39,35,29,34,32,0,0,16,13,0,0,0,0,0,0,0,0,0,0,0,0,0,0,0,0,0,0,0,0,0,0,-5]} 1. c4 e6 2. g3 d5 3. Bg2 Nf6 4. e3 c5 5. Ne2 Nc6 6. O-O {A15: English Opening: 1...Nf6.} Be7 7. Nbc3 O-O 8. d3 {[#]} Qd7 $146 ({Predecessor:} 8... a6 9. b3 Rb8 10. Bb2 b5 11. cxb5 axb5 12. Qc2 Qb6 13. Rab1 Bd7 14. Qd2 Rfd8 15. Rfc1 Na7 16. Qc2 Rdc8 17. Qd2 Qd6 18. Nd1 Ne8 {½-½ (18) Huserka,J (1552)-Jurik,K (1795) Slovakia 2019}) 9. b3 Rd8 (9... d4 $11 10. exd4 cxd4) 10. Bb2 d4 11. exd4 Nxd4 12. Nxd4 cxd4 13. Ne4 Nxe4 14. Bxe4 Rb8 15. Bc1 f5 16. Bg2 Bf6 17. f4 b5 18. c5 Bb7 19. b4 Bxg2 {The position is equal.} 20. Kxg2 a5 21. a3 axb4 22. axb4 Ra8 23. Rxa8 Rxa8 24. Qf3 Ra4 25. Bd2 Ra2 26. Rf2 g6 27. Re2 Kf7 28. Kf2 h5 29. h4 Qc7 30. Kg2 Qd7 31. Kf2 Qc7 32. Kg2 {Weighted Error Value: White=0.10/Black=0.12} 1/2-1/2